| 000 | 01178cam a22003257a 4500 | ||
|---|---|---|---|
| 003 | CHAP | ||
| 005 | 20220329142600.0 | ||
| 008 | 020131d2001 mx a r 00110 spa d | ||
| 010 | _a85257 | ||
| 011 | _a86229 | ||
| 035 | _a96767 | ||
| 040 | _cCHAP | ||
| 090 | _aTesis | ||
| 100 | 0 | 0 |
_aCarrillo Anaya, Enrique. _919450 |
| 245 | 1 | 0 |
_aEfectividad de abamectina para el control del ácaro café (Oligonychus punicae Hirst) en aguacate 'Hass' (Persea americana Mill.) en Uruapan Michoacán _c/por Enrique Carrillo Anaya |
| 260 |
_aChapingo, Méx. : _bEl autor, _c2001. |
||
| 300 |
_a57 h. ; _bilus. ; gráfs. |
||
| 502 | _aTesis (Ing. Agr. Esp. en Fitotecnia) -- UACH. Departamento de Fitotecnia | ||
| 590 |
_aALEPH _b10 _c20130110 _lUCH01 _h1445 |
||
| 590 |
_aBATCH-UPD _b10 _c20130110 _lUCH01 _h0753 |
||
| 590 |
_aCONVERSION _b10 _c20130109 _lUCH01 _h1347 |
||
| 650 | 1 | 4 |
_aAguacate _xPlagas. _92543 |
| 650 | 1 | 4 |
_aAvermectinas. _98580 |
| 650 | 1 | 4 |
_aOligonychus punicae. _983018 |
| 901 | _aBK | ||
| 905 | _aMayto Villalobos S. | ||
| 942 | _cFOLL | ||
| 949 |
_aTesis _bBC _cTES _d33724000861241 _eTS2 _fc.2 _h39085 _i96767 _si |
||
| 949 |
_aTesis _bBC _cTES _d967671 _eTS1 _h38968 _i96767 _sb |
||
| 999 |
_c85257 _d85257 |
||